Biggest Canadian Cities by Letter - Statistics

General Stats
  • This quiz has been taken 86 times
    64 since last reset
  • The average score is 14 of 25
Answer Stats
Hint Answer % Correct
V Vancouver
98%
M Montreal
96%
O Ottawa-Gatineau
96%
T Toronto
96%
E Edmonton
93%
C Calgary
91%
Q Quebec City
91%
W Winnipeg
80%
H Hamilton
78%
R Regina
78%
S Saskatoon
76%
L London
69%
Y Yellowknife
67%
K Kitchener-Waterloo-Cambridge
51%
A Abbotsford
40%
G Guelph
33%
P Peterborough
27%
B Barrie
25%
N Nanaimo
25%
F Fort McMurray
24%
D Drummondville
22%
U* Uxbridge
20%
J Joliette
15%
I Innisfil
13%
Z* Zealandia
0%
No matching quizzes found
Score Distribution
Percent of People with Each Score
Percentile by Number Answered
Your Score History
You have not taken this quiz since the last reset